<?xml version="1.0" encoding="UTF-8"?><?xml-stylesheet type="text/xsl" href="static/style.xsl"?><OAI-PMH xmlns="http://www.openarchives.org/OAI/2.0/" xmlns:xsi="http://www.w3.org/2001/XMLSchema-instance" xsi:schemaLocation="http://www.openarchives.org/OAI/2.0/ http://www.openarchives.org/OAI/2.0/OAI-PMH.xsd"><responseDate>2026-04-28T19:29:36Z</responseDate><request verb="GetRecord" identifier="oai:uvadoc.uva.es:10324/4238" metadataPrefix="marc">https://uvadoc.uva.es/oai/request</request><GetRecord><record><header><identifier>oai:uvadoc.uva.es:10324/4238</identifier><datestamp>2021-06-23T16:55:50Z</datestamp><setSpec>com_10324_30605</setSpec><setSpec>com_10324_894</setSpec><setSpec>col_10324_41</setSpec></header><metadata><record xmlns="http://www.loc.gov/MARC21/slim" xmlns:doc="http://www.lyncode.com/xoai" xmlns:xsi="http://www.w3.org/2001/XMLSchema-instance" xmlns:dcterms="http://purl.org/dc/terms/" xsi:schemaLocation="http://www.loc.gov/MARC21/slim http://www.loc.gov/standards/marcxml/schema/MARC21slim.xsd">
<leader>00925njm 22002777a 4500</leader>
<datafield tag="042" ind1=" " ind2=" ">
<subfield code="a">dc</subfield>
</datafield>
<datafield tag="720" ind1=" " ind2=" ">
<subfield code="a">Molano Niño, Alba Carolina</subfield>
<subfield code="e">author</subfield>
</datafield>
<datafield tag="260" ind1=" " ind2=" ">
<subfield code="c">2013</subfield>
</datafield>
<datafield tag="520" ind1=" " ind2=" ">
<subfield code="a">La investigación se centró en la Educación Superior, tomando como caso de referencia todas las universidades Bogotanas que tienen facultades de educación y en cuyos programas incluyen asignaturas relacionadas con la educación ambiental. Las características del estudio, permitieron analizar el caso de la universidades Bogotanas en cuanto a la formación ambiental de sus estudiantes de facultades de educación (futuros/as profesores/as) se refiere, por cuanto, se establecieron las concepciones de dichos/as profesores/as sobre la educación ambiental y se correlacionó con su práctica, de tal forma que, se logró inferir y concluir sobre lo que sucede en la formación ambiental en las facultades de educación en Bogotá y así establecer las directrices para lo que se denomina el currículo para la formación ambiental en las facultades de educación.</subfield>
</datafield>
<datafield tag="024" ind2=" " ind1="8">
<subfield code="a">http://uvadoc.uva.es/handle/10324/4238</subfield>
</datafield>
<datafield tag="024" ind2=" " ind1="8">
<subfield code="a">b1664275</subfield>
</datafield>
<datafield tag="024" ind2=" " ind1="8">
<subfield code="a">10.35376/10324/4238</subfield>
</datafield>
<datafield ind1=" " ind2=" " tag="653">
<subfield code="a">Educación ambiental-Formación de docentes-Colomia-Bogotá</subfield>
</datafield>
<datafield ind1=" " ind2=" " tag="653">
<subfield code="a">Universidades-Colombia-Bogotá</subfield>
</datafield>
<datafield tag="245" ind1="0" ind2="0">
<subfield code="a">Concepciones y prácticas sobre educación ambiental de los docentes en las Universidades de Bogotá. Implicaciones para los currículos de las facultades de educación.</subfield>
</datafield>
</record></metadata></record></GetRecord></OAI-PMH>